Forest history: : International studies on socioeconomics and forest ecosystem change: report number 2 of the IUFO Task Force on Environmental Change

Bibliographic Details
Other Authors: Agnoletti, Mauro, Anderson, S
Format: Book
Published: Wallingford : CABI Publishing , 2000
Series:IUFO Research Series v. 2
Subjects:

MARC

LEADER 00000cam a2200000 7i4500
001 0000003858
005 20110801.0
020 0 0 |a 0851994199 
090 0 0 |a 634.909   |b AGNO 2000 
245 1 0 |a Forest history: :   |b International studies on socioeconomics and forest ecosystem change: report number 2 of the IUFO Task Force on Environmental Change   |c edited by M. Agnoletti & S. Anderson 
260 0 0 |a Wallingford :   |b CABI Publishing ,   |c 2000 
300 |a xiii, 418 p. :   |b ill ;   |c 24 cm. 
490 0 1 |a IUFO Research Series v. 2 
504 0 0 |a Includes bibliographical references 
650 0 0 |a Forest and forestry---congresses 
650 0 0 |a Forest and forestry---social aspetc---congresses 
650 0 0 |a Forest ecology---congresses 
700 0 1 |a Agnoletti, Mauro 
700 0 1 |a Anderson, S 
998 |a JPSM 
999 |a 007379   |b Monograph   |c Open Shelf   |e Default branch